000 00733nam a2200241 i 4500
001 bg
100 1 _aWIELOŃSKI, Andrzej
245 1 0 _aGeografia przemysłu.
260 _aWarszawa :
_bWydawnictwa Uniwersytetu Warszawskiego,
_c2005.
300 _a141, [1] s. :
_bmapy, rys., wykr. ;
_c24 cm.
504 _aBibliogr. s. 135-139.
650 9 _aPrzemysł
_xgeografia
655 _aPodręczniki akademickie
015 _aPB 11332/2005
020 _a8323500703
040 _cBPK
041 0 _apol
080 _a911.3:338.45](075.8)
920 _a83-235-0070-3
942 _cKS
008 s pl f |000 0 pol
999 _c46249
_d46249
856 _uhttp://koha.tu.koszalin.pl/cgi-bin/koha/opac-detail.pl?biblionumber=46249
_yKatalog online BPK